| 000 | 00427nam a2200181Ia 4500 | ||
|---|---|---|---|
| 001 | 20928 | ||
| 005 | 20260306172842.0 | ||
| 008 | 260306t2022||||xx |||||||||||||| ||spa|| | ||
| 041 | _aESP | ||
| 082 |
_a343.8 _bY13P |
||
| 100 |
_aYacolca Estares, Daniel Irwin _eAUT |
||
| 245 | 0 | _aProcesal tributario | |
| 260 | _c2022 | ||
| 300 |
_a894 páginas : _c25 cm. |
||
| 650 | _aGEN | ||
| 654 | _aCCO | ||
| 942 |
_cLIB _dJUS _fJUS _2ddc _n |
||
| 999 |
_c20928 _d20928 |
||